000 00618nam a2200229Ia 4500
003 OSt
005 20220924132343.0
006 a|||||r|||| 00| 0
007 ta
008 220923b |||||||| |||| 00| 0 mar d
024 _a43272
037 _cTextual
040 _aARTS
_cARTS
_bmar
041 _2mar
_amar
082 _aO155,2M83,12, J5
100 _aVarerakara Bhargva Ram
_9204160
245 0 _aBhumi kanya ed by Ratnamayi Dikshit
260 _c1966
650 _aMARATHI LITERATURE
_938000
942 _hO155,2M83,12, J5
_cTEXL
_2CC
999 _c430011
_d430011